Footballers by Picture - France - Statistics

General Stats
  • This quiz has been taken 339 times
  • The average score is 16 of 20
Answer Stats
Picture Answer % Correct
Olivier Giroud
99%
Zinedine Zidane
99%
Karim Benzema
98%
Kylian Mbappé
98%
Thierry Henry
98%
Antoine Griezmann
96%
Hugo Lloris
96%
N'Golo Kanté
94%
Raphaël Varane
91%
Michel Platini
82%
Marcel Desailly
79%
Patrick Vieira
79%
Didier Deschamps
78%
David Trezeguet
74%
Emmanuel Petit
74%
Laurent Blanc
69%
Lilian Thuram
68%
Fabien Barthez
67%
Claude Makélélé
63%
Bixente Lizarazu
43%
No matching quizzes found
Score Distribution
Percent of People with Each Score
Percentile by Number Answered
Your Score History
You have not taken this quiz